banner koha

Number of leaflets on rooting of lychee herbaceous cuttings (Registro n. 300901)

MARC details
000 -LÍDER
fixed length control field 03206nab a2200289 i 4500
003 - CÓDIGO MARC DA AGÊNCIA CATALOGADORA
Campo de controle BR-BrBNA
005 - DATA E HORA DA ÚLTIMA ATUALIZAÇÃO
Campo de controle 20240815124057.0
008 - CAMPO DE TAMANHO FIXO
fixed length control field 240815b2016 bl.mr|pooa||| 00| 0 eng |
040 ## - FONTE DA CATALOGAÇÃO
Agência catalogadora BR-BrBNA
Idioma da catalogação eng
072 ## - CATEGORIA AGRIS
Código AGRIS F02
Código do objeto 1118
100 ## - ENTRADA PRINCIPAL - NOME PESSOAL
Nome pessoal Alves, Ediane Conceição
100 ## - ENTRADA PRINCIPAL - NOME PESSOAL
Nome pessoal Guimarães, João Emmanuel Ribeiro
100 ## - ENTRADA PRINCIPAL - NOME PESSOAL
Nome pessoal Franco, Camila Kauffmann Becaro
100 ## - ENTRADA PRINCIPAL - NOME PESSOAL
Nome pessoal Martins, Antonio Baldo Geraldo
245 ## - TÍTULO PRINCIPAL
Título principal Number of leaflets on rooting of lychee herbaceous cuttings
500 ## - NOTA GERAL
Nota geral Publicação on-line; 12 ref.; 2 illus; Sumaries (En, Pt)
942 ## - ADDED ENTRY ELEMENTS (KOHA)
Koha item type
520 ## - NOTA DE RESUMO
Nota de conteúdo <br/><br/>ABSTRACT - Lychee is one of the most popular exotic fruits in Brazil, and has both in natura and industrial potential. The objective of the present study was to evaluate the influence of the number of leaflets on lychee herbaceous cuttings treated with the indolebutyric acid (1000mg L-1). The experimental design was completely randomized, with 4 replications and 10 cuttings per experimental plot. Treatments consisted of cuttings with zero (0), one (1), two (2), three (3), and four (4) leaflets. After 180 days, the rooting and survival percentages and the number and length of roots were evaluated. The data were subjected to polynomial regression analysis. The increase in the number of leaflets was advantageus for all studied variables, with an increase in the survival, rooting of cuttings, and number and length of roots. The herbaceous cuttings of lychee tree are viable, provided that at least four leaflets remain in the herbaceous cutting. <br/><br/>Key words: leaflets, propagation, cutting, Litchi chinensis.
520 ## - NOTA DE RESUMO
Nota de conteúdo <br/><br/>RESUMO - A lichia é umas das frutas exóticas mais populares no Brasil e apresenta potencial tanto in natura quanto industrial. O objetivo deste estudo foi avaliar a influência do número de folíolos em estacas herbáceas de lichieira tratadas com ácido indolbutírico (1000mgL-1). O delineamento experimental foi inteiramente casualizado, com 4 repetições e 10 estacas por parcela experimental. Os tratamentos consistiram em estacas com zero (0), um (1), dois (2), três (3) e quatro (4) folíolos. Após 180 dias, as porcentagens de enraizamento e sobrevivência,bem como o número e comprimento de raízes foram avaliados. Os dados foram submetidos à análise de regressão polinomial. O aumento no número de folíolos foi vantajoso para todas as variáveis avaliadas, com um correspondente aumento na sobrevivência, enraizamento das estacas e número e comprimento das raízes. A estaquia de ramos herbáceos da lichieira é viável, desde que pelo menos quatro folíolos sejam mantidos na estaca.<br/><br/>Palavras-chave: folíolos, propagação, estaquia, Litchi chinensis.
650 ## - ASSUNTO - THESAGRO
Cabeçalho tópico ou nome geográfico LICHIA
650 ## - ASSUNTO - THESAGRO
Cabeçalho tópico ou nome geográfico FRUTA TROPICAL
650 ## - ASSUNTO - THESAGRO
Cabeçalho tópico ou nome geográfico ENRAIZAMENTO DE ESTACA
650 ## - ASSUNTO - THESAGRO
Cabeçalho tópico ou nome geográfico PROPAGAÇÃO VEGETATIVA
773 0# - ENTRADA ANALÍTICA
Host Biblionumber 2408
Registro do item 314928
Imprenta Santa Maria-RS Universidade Federal de Santa Maria - Centro de Ciências Rurais 1991
Outro identificador 2024-1179
Título Ciência Rural (Brazil)
ISSN 0103-8478
Colação v. 46(6) p. 1003-1006; (2016)
Número de controle de registro BR2024001332
856 ## - ACESSO E ENDEREÇO ELETRÔNICO
Identificador uniforme de recurso - URI https://www.scielo.br/j/cr/a/jHWxCVt8NBTRvSMCJns8yvt/?format=pdf&lang=en

Nenhum exemplar disponível.

BINAGRI

Telefone: (61)3218-2567/2388/3357/2097 - binagri@agro.gov.br

Ministério da Agricultura e Pecuária , Esplanada dos Ministérios, Bloco D, Anexo B, Brasília/DF, CEP: 70.043-900